Click to Translate - Guarani - Statistics

General Stats
  • This quiz has been taken 305 times
  • The average score is 3 of 20
Answer Stats
Hint Answer % Correct
Me Che
53%
Cheese Kesu
42%
Pineapple Avakachi
25%
Dog Jagua
20%
Window Ovetã
20%
Remember Mandu'a
16%
Month Jasy
15%
Country Tetã
15%
Clock Aravopapaha
14%
Hair Áva
14%
Church Tupão
14%
Thank you Aguyje
13%
Cat Mbarakaja
12%
Table Aripaka
11%
Walk Guata
10%
August Jasypoapy
10%
Star Mbyja
10%
Green Hovyũ
9%
Three Mbohapy
9%
Now Ko'ág̃a
7%
No matching quizzes found
Score Distribution
Percent of People with Each Score
Percentile by Number Answered
Your Score History
You have not taken this quiz